Music Quiz

Random Music or Artist Quiz

R&B Music Artists II Quiz Stats

 Plays Quiz Updated Aug 27, 2015

Also try: R&B Music Artists
Challenge
Share
Tweet
Score 0/25 Timer 05:00
1 Play Today
% Correct
Stevie Wonder
96.5%
Mariah Carey
89.7%
James Brown
74.2%
Diana Ross
71%
Chris Brown
67.7%
Robin Thicke
67%
TLC
66.5%
Marvin Gaye
65.3%
The Temptations
61.7%
Boyz II Men
60.5%
Aaliyah
45.6%
Al Green
42.9%
Sade
41.4%
% Correct
Jennifer Hudson
39.6%
Patti LaBelle
35.7%
Gladys Knight
34.8%
Natalie Cole
28.1%
Miguel
25.8%
Jhené Aiko
23.9%
Deborah Cox
23.4%
Monica
21.3%
Mary Mary
20.3%
Jazmine Sullivan
18.7%
Maxwell
17.3%
Kelly Price
10.1%

You're not logged in!

Compare scores with friends on all Sporcle quizzes.
OR
Log In

You Might Also Like...

Show Comments

Extras

Top Quizzes Today


Score Distribution

Your Account Isn't Verified!

In order to create a playlist on Sporcle, you need to verify the email address you used during registration. Go to your Sporcle Settings to finish the process.

Report this User

Report this user for behavior that violates our Community Guidelines.

Details: